| 000 | 00000nas 2200000zi 4500 |
| 001 | 9.877122 |
| 003 | CaOODSP |
| 005 | 20221107164905 |
| 006 | m o d f |
| 007 | cr ||||||||||| |
| 008 | 190729c20179999pic x m o f0###|0fre|d |
| 040 | |aCaOODSP|bfre|erda|cCaOODSP |
| 043 | |an-cn--- |
| 086 | 1 |aV3-2F-PDF |
| 130 | 0 |aExposé d'information (Canada. Anciens combattants Canada. Direction de la recherche) |
| 245 | 10|aExposé d'information / |cDirection de la recherche d'Anciens combattants Canada. |
| 264 | 1|a[Charlottetown, Î.-P.-É.] : |bAnciens combattants Canada = Veterans Affairs Canada, |c[2017]- |
| 310 | |aIrrégulier |
| 336 | |atexte|btxt|2rdacontent/fre |
| 337 | |ainformatique|bc|2rdamedia/fre |
| 338 | |aressource en ligne|bcr|2rdacarrier/fre |
| 362 | 1 |aParaît depuis 2017. |
| 500 | |aPublié aussi en anglais sous le titre : Info brief. |
| 692 | 07|2gccst|aAncien combattant |
| 692 | 07|2gccst|aRecherche |
| 710 | 1 |aCanada. |bAnciens combattants Canada. |bDirection de la recherche. |
| 775 | 08|tInfo brief / |w(CaOODSP)9.877120 |